[Event "AUTO-INT-1583"]
[Site "http://www.queenalice.com/game.php?id=716641"]
[Date "2010.1.19"]
[Round "1"]
[White "Edgard1995"]
[Black "JDZ"]
[Result "0-1"]
[WhiteElo "1634"]
[BlackElo "2265"]

1. e4 e5 2. Nf3 Nc6 3. Bc4 Bc5 4. Nc3 d6 5. h3 Be6 6. Bxe6 fxe6 7. d3 a6 8. O-O
Nf6 9. Qe2 O-O 10. Be3 Nd4 11. Qd2 Nxf3+ 12. gxf3 Nh5 13. Bg5 Qe8 14. Qe2 Ng3
15. Qe1 Nxf1 16. Qxf1 Rxf3 17. Bh4 Qh5 0-1

[Event "AUTO-INT-1583"]
[Site "http://www.queenalice.com/game.php?id=716642"]
[Date "2010.1.19"]
[Round "1"]
[White "JDZ"]
[Black "Edgard1995"]
[Result "1-0"]
[WhiteElo "2286"]
[BlackElo "1648"]

1. e4 e5 2. Nf3 Nc6 3. Bc4 h6 4. d4 exd4 5. O-O d6 6. Nxd4 Nxd4 7. Qxd4 c5 8.
Qd3 Be7 9. Qg3 Bf6 10. Rd1 Be5 11. Bxf7+ Kxf7 12. Qxe5 dxe5 13. Rxd8 Ke7 14. Rd5
Nf6 15. Rxe5+ Kd6 16. Bf4 Kc6 17. Nc3 Bd7 18. Re7 Rhg8 19. Rd1 Rad8 20. Rd6+ 1-0

[Event "AUTO-INT-1613"]
[Site "http://www.queenalice.com/game.php?id=732405"]
[Date "2010.2.15"]
[Round "1"]
[White "class_act"]
[Black "Edgard1995"]
[Result "1-0"]
[WhiteElo "1588"]
[BlackElo "1714"]

1. e4 e5 2. Bc4 Nf6 3. Nc3 Bc5 4. Qf3 d6 5. Nd5 Nxd5 6. Bxd5 O-O 7. Nh3 Qh4 8.
O-O Bxh3 9. gxh3 Nd7 10. d3 h6 11. Be3 c6 12. Bc4 b5 13. Bb3 Nf6 14. a3 Bxe3 15.
fxe3 Rae8 16. d4 1-0

[Event "AUTO-INT-1613"]
[Site "http://www.queenalice.com/game.php?id=732406"]
[Date "2010.2.15"]
[Round "1"]
[White "Edgard1995"]
[Black "class_act"]
[Result "0-1"]
[WhiteElo "1563"]
[BlackElo "1609"]

1. d4 d5 2. Nc3 Nf6 3. Bf4 h6 4. Be5 Ng4 5. Bf4 e6 6. Nf3 Bd6 7. Bxd6 Qxd6 8. h3
Nf6 9. e3 Ne4 10. Bd3 f5 11. Nb5 Qb4+ 12. c3 Qe7 13. O-O a6 14. Na3 Nd7 15. c4
dxc4 16. Bxc4 Nb6 17. Bb3 Bd7 18. Rc1 c6 0-1

[Event "AUTO-INT-1613"]
[Site "http://www.queenalice.com/game.php?id=732419"]
[Date "2010.2.15"]
[Round "1"]
[White "Philomais"]
[Black "Edgard1995"]
[Result "1-0"]
[WhiteElo "1567"]
[BlackElo "1539"]

1. e4 e5 2. f3 a6 3. c3 Nc6 4. d4 exd4 5. cxd4 d5 6. Ne2 Bb4+ 7. Nec3 Be6 8.
exd5 Bxd5 9. a3 Be7 10. Nxd5 Qxd5 11. Nc3 Qxd4 12. Nd5 Qxd1+ 13. Kxd1 Bd6 14.
Bf4 Bxf4 15. Nxf4 Nf6 16. Rc1 Rd8+ 17. Nd3 O-O 18. g4 Ne5 19. Rxc7 Nxd3 20. Bxd3
Rxd3+ 21. Kc1 Re8 22. g5 Nd5 23. Re1 Nxc7 24. Rg1 1-0

[Event "AUTO-INT-1613"]
[Site "http://www.queenalice.com/game.php?id=732420"]
[Date "2010.2.15"]
[Round "1"]
[White "Edgard1995"]
[Black "Philomais"]
[Result "0-1"]
[WhiteElo "1524"]
[BlackElo "1582"]

1. d4 e6 2. Nf3 d5 3. a3 c6 4. Nc3 f6 5. Bf4 e5 6. dxe5 fxe5 7. Bxe5 Nd7 8. Bf4
Nc5 9. e4 Nxe4 10. Nxe4 dxe4 11. Qxd8+ Kxd8 12. Nd2 Bf5 13. Bc4 Ne7 14. O-O Nd5
15. Bg3 e3 16. fxe3 Nxe3 17. Rfe1 Nxc2 18. Rf1 Nxa1 19. Rxf5 Nc2 20. Rf7 Bc5+
21. Bf2 Bxf2+ 22. Kxf2 b5 23. Be6 Nd4 24. Bg4 g6 0-1

[Event "Challenge"]
[Site "http://www.queenalice.com/game.php?id=742132"]
[Date "2010.3.6"]
[Round "-"]
[White "Edgard1995"]
[Black "lucianochips"]
[Result "0-1"]
[WhiteElo "1611"]
[BlackElo "1226"]

1. e4 e6 2. e5 d5 3. d4 Be7 4. Nf3 Bd7 5. Nc3 f5 6. Bd3 Nc6 7. a3 Nh6 8. Be3 Ng4
9. Qe2 Na5 10. b4 Ba4 11. Nxa4 Nxe3 12. Qxe3 h6 0-1

[Event "AUTO-OPEN-1917"]
[Site "http://www.queenalice.com/game.php?id=748187"]
[Date "2010.3.19"]
[Round "1"]
[White "Definitivo_Cleverton"]
[Black "Edgard1995"]
[Result "1-0"]
[WhiteElo "1711"]
[BlackElo "1482"]

1. e4 e5 2. Nf3 Nc6 3. d4 d6 4. dxe5 dxe5 5. Qxd8+ Nxd8 6. Nxe5 Bd6 7. Nc4 Bc5
8. Bd3 Be6 9. Be3 Bb4+ 10. Nbd2 Nc6 11. c3 Bc5 12. Bxc5 Nge7 13. f4 1-0

[Event "AUTO-OPEN-1917"]
[Site "http://www.queenalice.com/game.php?id=748188"]
[Date "2010.3.19"]
[Round "1"]
[White "Edgard1995"]
[Black "Definitivo_Cleverton"]
[Result "0-1"]
[WhiteElo "1475"]
[BlackElo "1718"]

1. e4 c5 2. Nc3 Nc6 3. Nf3 e6 4. Bc4 d6 5. d3 Nf6 6. Be3 d5 7. exd5 exd5 8. Bb3
d4 9. Ng5 Be6 10. Bf4 dxc3 11. bxc3 Bxb3 0-1

[Event "AUTO-ADV-1695"]
[Site "http://www.queenalice.com/game.php?id=748470"]
[Date "2010.3.19"]
[Round "1"]
[White "Lopesq"]
[Black "Edgard1995"]
[Result "1-0"]
[WhiteElo "1746"]
[BlackElo "1633"]

1. Nf3 d5 2. d4 Bf5 3. Nbd2 Nc6 4. c3 Nf6 5. e3 e6 6. Be2 Bd6 7. Qb3 Rb8 8. Bb5
Qd7 9. Qa4 a6 10. Be2 O-O 11. c4 dxc4 12. Nxc4 b5 13. Qxa6 bxc4 14. Qxc4 1-0

[Event "AUTO-ADV-1695"]
[Site "http://www.queenalice.com/game.php?id=748471"]
[Date "2010.3.19"]
[Round "1"]
[White "Edgard1995"]
[Black "Lopesq"]
[Result "0-1"]
[WhiteElo "1622"]
[BlackElo "1757"]

1. d4 d5 2. Nc3 Bf5 3. Bf4 c6 4. Nf3 e6 5. a3 Be7 6. e3 Nd7 7. Bd3 Bxd3 8. Qxd3
Ngf6 9. O-O O-O 10. Ne2 Ne4 11. Ng3 f5 12. Rae1 Ndf6 13. Ng5 Nxg5 14. Bxg5 Ne4
0-1

[Event "AUTO-INT-1519"]
[Site "http://www.queenalice.com/game.php?id=748888"]
[Date "2010.3.20"]
[Round "2"]
[White "Edgard1995"]
[Black "Feijo"]
[Result "0-1"]
[WhiteElo "1674"]
[BlackElo "2180"]

1. e4 c5 2. Nc3 Nc6 3. Nf3 e6 4. Bc4 Nge7 5. d3 g6 6. Be3 d6 7. Bb5 Bg7 8. Qe2
O-O 9. O-O a6 10. Ba4 b5 0-1